000 00977nam a2200205 u 4500
001 000234330
003 AM-YeHGA
005 20250618071602.0
008 030612s1990 ai r 000 0 arm d
020 _a5807702026
040 _aAM-YeHGA
245 1 0 _aՋելսոմինոն խաբեբաների աշխարհում :
_b[Հեքիաթ-վիպակ] /
_cՋ. Ռոդարի; Ռուս. թարգմ.՝ Ս. Հարությունյան; Խմբ.՝ Խ.Թ. Հրաչյան; Նկ.՝ Խ.Զ. Հակոբյան.
260 _aԵրևան :
_bԱրևիկ,
_c1990.
300 _a136 էջ :
_bնկ. ;
_c22 սմ.
650 1 4 _aԻտալական մանկական գրականություն
_xՀեքիաթ
700 1 _aՀարությունյան, Սաղաթել Մամիկոնի,
_d1921-2005
_eթարգմ.
_4trl
_91189
700 1 _aՀրաչյան, Խաչիկ Թադևոսի,
_d1912-1989
_eխմբ.
_4edt
_91925
700 1 _aՀակոբյան, Խորեն Զավենի,
_d1945-
_eխմբ.
_4edt
_93428
090 _c84054
999 _c82781
_d82781